000 00712nam a2200241Ia 4500
003 OSt
005 20221007081808.0
006 a|||||r|||| 00| 0
007 ta
008 221006b |||||||| |||| 00| 0 eng d
020 _a9780252082801
024 _a46,133
037 _cTextual
040 _aFLL
_cFLL
_beng
041 _2eng
_aeng
082 _aY15, Q7
100 _aCURRANS Elizabeth
_9698061
245 0 _aMarching dykes, liberated sluts, and concerned mothers
_b women transforming public space
260 _aOxfordshire
_bUniversity of illinois Great Britain
_c2017
300 _a229p. xiv
_ccm.
942 _hY15, Q7
_cTEXL
_2CC
999 _c1164296
_d1164296